00687 2200217 4500001002100000005001500021035002000036007000300056008004100059082001000100084001600110100001900126245015100145260004700296300004100343500001400384650002000398700002300418700001700441990001100458INLIS00000000001442720220819105124 a0010-0822000466ta220819 g 0 ind  a330.9 a330.9 MAK g0 aMAKMUR, Keliat1 aGeoekonomi pandemi + The Geo-economy of the pandemic :bTanggapan Indonesia + Indonesia's respond /cMakmur Keliat, Malinda Damayanti, Reyhan Noor aJakarta :bFriedrich-ebert-stiftung,c2020 a31 hal. + 29 hal. :bilus. ;c30 cm. aGlosarium 4aEKONOMI KEADAAN0 aMELINDA, Damayanti0 aREYHAN, Noor a8519 a